The last Brahmin : (Record no. 96468)

MARC details
000 -LEADER
fixed length control field 00864nam a22002297a 4500
005 - DATE AND TIME OF LATEST TRANSACTION
control field 20150915115335.0
010 ## - LCCN (DPL NO)
LC control number ENG-113894
020 ## - INTERNATIONAL STANDARD BOOK NUMBER
International Standard Book Number 9788178243641
Terms of availability 350.00
035 ## - SYSTEM CONTROL NUMBER
System control number EN-97426
037 ## - SOURCE OF ACQUISITION
Source of stock number/acquisition DBAD/PUB
100 ## - MAIN ENTRY--PERSONAL NAME
Personal name Śivaśaṅkara Śarma, Rāṇi
245 ## - TITLE STATEMENT
Title The last Brahmin :
Statement of responsibility, etc by Rani Siva Sankara Sarma ; translated from the Telugu by D.Venkat Rao
Remainder of title life and refelections of a modern -day Sanskrit pandit /
260 ## - PUBLICATION, DISTRIBUTION, ETC. (IMPRINT)
Place of publication, distribution, etc Ranikhet
Name of publisher, distributor, etc Permanent Black
Date of publication, distribution, etc 2012
270 ## - ADDRESS
Address Himalayana, Mall Road, Ranikhet Cantt,
City Ranikhet
Postal code 263645
300 ## - PHYSICAL DESCRIPTION
Extent 197p.
Dimensions 22cm(pbk)
500 ## - GENERAL NOTE
General note Includes bibliographical references (p. [196]-197).
600 ## - SUBJECT ADDED ENTRY--PERSONAL NAME
Personal name Śivaśaṅkara Śarma, Rāṇi.
650 ## - SUBJECT ADDED ENTRY--TOPICAL TERM
Topical term or geographic name as entry element Sanskritists
Geographic subdivision India
-- Andhra Pradesh
650 ## - SUBJECT ADDED ENTRY--TOPICAL TERM
Topical term or geographic name as entry element Teachers
Geographic subdivision India
-- Andhra Pradesh
Form subdivision Biography.
700 ## - ADDED ENTRY--PERSONAL NAME
Personal name Venkat Rao, D.
942 ## - ADDED ENTRY ELEMENTS (KOHA)
Source of classification or shelving scheme Dewey Decimal Classification
Item type English Books
Call number suffix SIV
Holdings
Withdrawn status Lost status Not for loan Collection code Home library Current library Date acquired Source of acquisition Cost, normal purchase price Full call number Barcode Copy number Cost, replacement price Koha item type
    Not For Loan Non-fiction D.B.Act.Division Central Library 25/08/2015 DBAD/PUB 350.00 SIV EN-97426 1 350.00 English Books

© Delhi Public Library
Hit Counter
free hit counter